000144674 001__ 144674
000144674 005__ 20240830130409.0
000144674 037__ $$aTESIS-2024-360
000144674 041__ $$aeng
000144674 1001_ $$aKodl , Anna
000144674 24500 $$aKunsthallen as contemporary art venues: A review of their development in the European public sphere
000144674 260__ $$aZaragoza$$bUniversidad de Zaragoza, Prensas de la Universidad$$c2024
000144674 300__ $$a200
000144674 4900_ $$aTesis de la Universidad de Zaragoza$$v2024-353$$x2254-7606
000144674 500__ $$aPresentado: 24 06 2024
000144674 502__ $$aTesis-Univ. Zaragoza, , 2024$$bZaragoza, Universidad de Zaragoza$$c2024
000144674 506__ $$aall-rights-reserved
000144674 520__ $$aEsta disertación rastrea el desarrollo histórico de las Kunsthallen y examina su influencia en el mundo del arte. El quid del argumento es cómo las Kunsthallen han influido en la forma en que el público recibe e interpreta el arte, fomentando debates críticos y desafiando los sistemas artísticos tradicionales. La tesis enfatiza el enfoque de Kunsthallen en el arte contemporáneo y sus esfuerzos para promover el papel del arte en la sociedad, pero intentando distinguirlas de los museos. Al examinar la importancia histórica y contemporánea de las Kunsthallen, el estudio contribuye al debate sobre el entorno institucional del arte contemporáneo y destaca la posición de las Kunsthallen como catalizadores de la innovación artística.<br />
000144674 520__ $$aThis thesis traces the historical development of Kunsthallen and examines their influence on the art world. The point of the argument is how Kunsthallen have influenced the way art is received and interpreted by the public by fostering critical debates and challenging traditional art systems. The thesis emphasizes the focus of Kunsthallen on contemporary art and their efforts to promote the role of art in society, but attempting to distinguish them from museums. By examining the historical and contemporary significance of Kunsthallen, the study contributes to the discussion on the institutional environment for contemporary art and highlights the position of Kunsthallen as catalysts for artistic innovation.<br />
000144674 521__ $$97070$$aPrograma de Doctorado en Historia del Arte
000144674 540__ $$9info:eu-repo/semantics/openAccess
000144674 6531_ $$ahistoria del arte
000144674 691__ $$a4 11 16
000144674 692__ $$aGarantizar una educación de calidad inclusiva y equitativa, y promover las oportunidades de aprendizaje permanente para todos. Conseguir que las ciudades y los asentamientos humanos sean inclusivos, seguros, resilientes y sostenibles. Promover sociedades pacíficas e inclusivas para el desarrollo sostenible, facilitar acceso a la justicia para todos y crear instituciones eficaces, responsables e inclusivas a todos los niveles.
000144674 700__ $$aLorente Lorente, Jesús Pedro $$edir.
000144674 7102_ $$aUniversidad de Zaragoza$$b
000144674 830__ $$9482
000144674 8560_ $$fcdeurop@unizar.es
000144674 8564_ $$uhttps://zaguan.unizar.es/record/144674/files/TESIS-2024-360.pdf$$zTexto completo (eng)
000144674 909CO $$ooai:zaguan.unizar.es:144674$$pdriver
000144674 909co $$ptesis
000144674 9102_ $$aArtes y Humanidades$$b
000144674 980__ $$aTESIS